Alejandro Magno (Record no. 6727)

MARC details
000 -CABECERA
campo de control de longitud fija 01162nam a2200253 a 4500
001 - NÚMERO DE CONTROL
campo de control BRCA_7046
005 - FECHA Y HORA DE LA ÚLTIMA TRANSACCIÓN
campo de control 20190321142920.0
008 - DATOS DE LONGITUD FIJA--INFORMACIÓN GENERAL
campo de control de longitud fija 011211s2010----sp-a######---#000-0#spa-#
020 ## - NÚMERO INTERNACIONAL ESTÁNDAR DEL LIBRO
Número Internacional Estándar del Libro 9783795424817
041 ## - CÓDIGO DE LENGUA
Código de lengua del texto/banda sonora o título independiente spa
044 ## - CÓDIGO DEL PAÍS DE LA ENTIDAD EDITORA/PRODUCTORA
Código MARC del país sp
050 #4 - SIGNATURA TOPOGRÁFICA DE LA BIBLIOTECA DEL CONGRESO
Número de documento/Ítem .A44 2010
245 10 - MENCIÓN DE TÍTULO
Título Alejandro Magno
Resto del título encuentro con oriente
Mención de responsabilidad, etc. editado por Svend Hansen, Alfried Wieczorek, Michael Tellenbach ; dirección científica del proyecto expositivo Nicola Crüsemann, Michael Tellenbach ; dirección científica por el Departamento de Eurasia del Instituto Arqueológico Alemán Gunvor Lindström; [asesor científico en Madrid, edición de la versión española Martín Almagro-Gorbea].
260 ## - PUBLICACIÓN, DISTRIBUCIÓN, ETC.
Lugar de publicación, distribución, etc. [Madrid]
Nombre del editor, distribuidor, etc. Canal de Isabel II
Fecha de publicación, distribución, etc. 2010
300 ## - DESCRIPCIÓN FÍSICA
Extensión 453 p.
Otras características físicas il. (algunas a color)
Dimensiones 30 cm.
500 ## - NOTA GENERAL
Nota general Catálogo de la exposición celebrada en el Centro de Exposiciones Arte Canal
504 ## - NOTA DE BIBLIOGRAFÍA, ETC.
Nota de bibliografía, etc. Bibliografía: p. 432-449
650 14 - PUNTO DE ACCESO ADICIONAL DE MATERIA--TÉRMINO DE MATERIA
Término de materia o nombre geográfico como elemento de entrada Alejandro Magno
Subdivisión general Historia
Subdivisión geográfica Oriente
9 (RLIN) 17509
650 14 - PUNTO DE ACCESO ADICIONAL DE MATERIA--TÉRMINO DE MATERIA
Término de materia o nombre geográfico como elemento de entrada Alejandro Magno
Subdivisión de forma Arte
Subdivisión geográfica Oriente
9 (RLIN) 17510
700 1# - PUNTO DE ACCESO ADICIONAL--NOMBRE DE PERSONA
Nombre de persona Almagro-Gorbea, Martín
9 (RLIN) 17511
700 1# - PUNTO DE ACCESO ADICIONAL--NOMBRE DE PERSONA
Nombre de persona Hansen, Svend
9 (RLIN) 17512
700 1# - PUNTO DE ACCESO ADICIONAL--NOMBRE DE PERSONA
Nombre de persona Wieczorek, Alfried
9 (RLIN) 17513
942 ## - ELEMENTOS DE PUNTO DE ACCESO ADICIONAL (KOHA)
Fuente del sistema de clasificación o colocación Library of Congress Classification
Tipo de ítem Koha Libros
Holdings
Estado de retiro Estado de pérdida Estado dañado No para préstamo Localización permanente Ubicación/localización actual Fecha de adquisición Total de préstamos Signatura topográfica completa Código de barras Fecha visto por última vez Precio válido a partir de Tipo de ítem Koha
El ejemplar forma parte de la colección y puede ser consultado según las políticas vigentes.       Biblioteca del Museo Franz Mayer (Rogerio Casas-Alatriste) Biblioteca del Museo Franz Mayer (Rogerio Casas-Alatriste) 01/12/2011   .A44 2010 02682 22/03/2019 22/03/2019 Libros